Normal view MARC view
  • DEY.D.K ET AL

Entry Personal Name

Number of records used in: 2

001 - CONTROL NUMBER

  • control field: 4830

003 - CONTROL NUMBER IDENTIFIER

  • control field: OSt

005 - DATE AND TIME OF LATEST TRANSACTION

  • control field: 20180116123520.0

008 - FIXED-LENGTH DATA ELEMENTS

  • fixed length control field: 180116|| aca||aabn | a|a d

040 ## - CATALOGING SOURCE

  • Original cataloging agency: OSt

100 ## - HEADING--PERSONAL NAME

  • Personal name: DEY.D.K ET AL

Powered by Koha